<?xml version="1.0" encoding="UTF-8"?>
<record
    xmlns:xsi="http://www.w3.org/2001/XMLSchema-instance"
    xsi:schemaLocation="http://www.loc.gov/MARC21/slim http://www.loc.gov/standards/marcxml/schema/MARC21slim.xsd"
    xmlns="http://www.loc.gov/MARC21/slim">

  <leader>00627nam a22001577a 4500</leader>
  <datafield tag="952" ind1=" " ind2=" ">
    <subfield code="0">0</subfield>
    <subfield code="1">0</subfield>
    <subfield code="2">ddc</subfield>
    <subfield code="4">0</subfield>
    <subfield code="7">0</subfield>
    <subfield code="8">ISLAM</subfield>
    <subfield code="a">MES</subfield>
    <subfield code="b">MES</subfield>
    <subfield code="c">ISL</subfield>
    <subfield code="d">2021-04-12</subfield>
    <subfield code="g">45.00</subfield>
    <subfield code="l">0</subfield>
    <subfield code="o">297.61 BAH/P</subfield>
    <subfield code="p">41081</subfield>
    <subfield code="r">2021-04-13 00:00:00</subfield>
    <subfield code="t">part 1</subfield>
    <subfield code="w">2021-04-13</subfield>
    <subfield code="y">BK</subfield>
    <subfield code="z">GL46R3</subfield>
  </datafield>
  <datafield tag="952" ind1=" " ind2=" ">
    <subfield code="0">0</subfield>
    <subfield code="1">0</subfield>
    <subfield code="2">ddc</subfield>
    <subfield code="4">0</subfield>
    <subfield code="7">0</subfield>
    <subfield code="8">ISLAM</subfield>
    <subfield code="a">MES</subfield>
    <subfield code="b">MES</subfield>
    <subfield code="c">ISL</subfield>
    <subfield code="d">2021-04-12</subfield>
    <subfield code="g">45.00</subfield>
    <subfield code="l">0</subfield>
    <subfield code="o">297.61 BAH/P</subfield>
    <subfield code="p">41082</subfield>
    <subfield code="r">2021-04-13 00:00:00</subfield>
    <subfield code="t">part 2</subfield>
    <subfield code="w">2021-04-13</subfield>
    <subfield code="y">BK</subfield>
    <subfield code="z">GL46R3</subfield>
  </datafield>
  <datafield tag="952" ind1=" " ind2=" ">
    <subfield code="0">0</subfield>
    <subfield code="1">0</subfield>
    <subfield code="2">ddc</subfield>
    <subfield code="4">0</subfield>
    <subfield code="7">0</subfield>
    <subfield code="8">ISLAM</subfield>
    <subfield code="a">MES</subfield>
    <subfield code="b">MES</subfield>
    <subfield code="c">ISL</subfield>
    <subfield code="d">2021-04-12</subfield>
    <subfield code="g">45.00</subfield>
    <subfield code="l">0</subfield>
    <subfield code="o">297.61 BAH/P</subfield>
    <subfield code="p">41083</subfield>
    <subfield code="r">2021-04-13 00:00:00</subfield>
    <subfield code="t">part 3</subfield>
    <subfield code="w">2021-04-13</subfield>
    <subfield code="y">BK</subfield>
    <subfield code="z">GL46R3</subfield>
  </datafield>
  <datafield tag="952" ind1=" " ind2=" ">
    <subfield code="0">0</subfield>
    <subfield code="1">0</subfield>
    <subfield code="2">ddc</subfield>
    <subfield code="4">0</subfield>
    <subfield code="7">0</subfield>
    <subfield code="8">ISLAM</subfield>
    <subfield code="a">MES</subfield>
    <subfield code="b">MES</subfield>
    <subfield code="c">ISL</subfield>
    <subfield code="d">2021-04-12</subfield>
    <subfield code="g">45.00</subfield>
    <subfield code="l">0</subfield>
    <subfield code="o">297.61 BAH/P</subfield>
    <subfield code="p">41084</subfield>
    <subfield code="r">2021-04-13 00:00:00</subfield>
    <subfield code="t">part 4</subfield>
    <subfield code="w">2021-04-13</subfield>
    <subfield code="y">BK</subfield>
    <subfield code="z">GL46R3</subfield>
  </datafield>
  <datafield tag="952" ind1=" " ind2=" ">
    <subfield code="0">0</subfield>
    <subfield code="1">0</subfield>
    <subfield code="2">ddc</subfield>
    <subfield code="4">0</subfield>
    <subfield code="7">0</subfield>
    <subfield code="8">ISLAM</subfield>
    <subfield code="a">MES</subfield>
    <subfield code="b">MES</subfield>
    <subfield code="c">ISL</subfield>
    <subfield code="d">2021-04-12</subfield>
    <subfield code="g">45.00</subfield>
    <subfield code="l">0</subfield>
    <subfield code="o">297.61 BAH/P</subfield>
    <subfield code="p">41085</subfield>
    <subfield code="r">2021-04-13 00:00:00</subfield>
    <subfield code="t">part 5</subfield>
    <subfield code="w">2021-04-13</subfield>
    <subfield code="y">BK</subfield>
    <subfield code="z">GL46R3</subfield>
  </datafield>
  <datafield tag="952" ind1=" " ind2=" ">
    <subfield code="0">0</subfield>
    <subfield code="1">0</subfield>
    <subfield code="2">ddc</subfield>
    <subfield code="4">0</subfield>
    <subfield code="7">0</subfield>
    <subfield code="8">ISLAM</subfield>
    <subfield code="a">MES</subfield>
    <subfield code="b">MES</subfield>
    <subfield code="c">ISL</subfield>
    <subfield code="d">2021-04-12</subfield>
    <subfield code="g">39.00</subfield>
    <subfield code="l">0</subfield>
    <subfield code="o">297.61 BAH/P</subfield>
    <subfield code="p">41086</subfield>
    <subfield code="r">2021-04-13 00:00:00</subfield>
    <subfield code="t">part 6</subfield>
    <subfield code="w">2021-04-13</subfield>
    <subfield code="y">BK</subfield>
    <subfield code="z">GL46R3</subfield>
  </datafield>
  <datafield tag="952" ind1=" " ind2=" ">
    <subfield code="0">0</subfield>
    <subfield code="1">0</subfield>
    <subfield code="2">ddc</subfield>
    <subfield code="4">0</subfield>
    <subfield code="7">0</subfield>
    <subfield code="8">ISLAM</subfield>
    <subfield code="a">MES</subfield>
    <subfield code="b">MES</subfield>
    <subfield code="c">ISL</subfield>
    <subfield code="d">2021-04-12</subfield>
    <subfield code="g">65.00</subfield>
    <subfield code="l">0</subfield>
    <subfield code="o">297.61 BAH/P</subfield>
    <subfield code="p">41087</subfield>
    <subfield code="r">2021-04-13 00:00:00</subfield>
    <subfield code="t">part 7</subfield>
    <subfield code="w">2021-04-13</subfield>
    <subfield code="y">BK</subfield>
    <subfield code="z">GL46R3</subfield>
  </datafield>
  <datafield tag="999" ind1=" " ind2=" ">
    <subfield code="c">41287</subfield>
    <subfield code="d">41287</subfield>
  </datafield>
  <controlfield tag="003">OSt</controlfield>
  <controlfield tag="005">20210413115413.0</controlfield>
  <controlfield tag="008">210413b           ||||| |||| 00| 0 eng d</controlfield>
  <datafield tag="040" ind1=" " ind2=" ">
    <subfield code="c">oclc</subfield>
  </datafield>
  <datafield tag="082" ind1=" " ind2=" ">
    <subfield code="a">297.61</subfield>
    <subfield code="b">BAH/P</subfield>
  </datafield>
  <datafield tag="100" ind1=" " ind2=" ">
    <subfield code="9">1928</subfield>
    <subfield code="a">Bahjeth, Ahamed </subfield>
  </datafield>
  <datafield tag="245" ind1=" " ind2=" ">
    <subfield code="a">Pravachakanmar/</subfield>
    <subfield code="b">part1-7</subfield>
    <subfield code="c">Ahmed Bahjath</subfield>
  </datafield>
  <datafield tag="260" ind1=" " ind2=" ">
    <subfield code="a">Kozhikode:</subfield>
    <subfield code="b">Islamic Publishing House,</subfield>
  </datafield>
  <datafield tag="505" ind1=" " ind2=" ">
    <subfield code="a">part1 Adam Nooh Hood Swalih; part2 Ibrahim,Yusuf; part3 Moosa Nabi; part4 Davoodum Sulaimanum; part5 Ayoob, Younus, Usair, Zakariya, Yahya; part6 Esaa Nabi; part7 Muhammad Nabi</subfield>
  </datafield>
  <datafield tag="942" ind1=" " ind2=" ">
    <subfield code="2">ddc</subfield>
    <subfield code="c">BK</subfield>
    <subfield code="h">297.61</subfield>
    <subfield code="i">BAH/P</subfield>
    <subfield code="k">297.61</subfield>
    <subfield code="m">BAH/P</subfield>
  </datafield>
</record>
